[Event "Barcelona Sant Marti op 8th"]
[Site "Barcelona"]
[Date "2019.03.14"]
[Round "9"]
[White "Lasaosa Irigoyen, Javier"]
[Black "Rojas Fernandez, Andres"]
[Result "1-0"]
[WhiteElo "1823"]
[BlackElo "1896"]
[PlyCount "79"]
[EventDate "2019.01.17"]
[EventType "swiss"]
[EventRounds "9"]
[EventCountry "ESP"]
[SourceTitle "CBM 189 Extra"]
[Source "ChessBase"]
[SourceDate "2019.06.03"]
[SourceVersion "1"]
[SourceVersionDate "2019.06.03"]
[SourceQuality "1"]

1. e4 e6 2. d4 d5 3. Nc3 Nf6 4. Bg5 Be7 5. e5 Nfd7 6. Bxe7 Qxe7 7. f4 a6 8. Nf3 c5 9. Qd2 Nc6 10. dxc5 Nxc5 11. Bd3 b5 12. Ne2 Bb7 13. Ned4 Rc8 14. Nxc6 Rxc6 15. 0-0 0-0 16. Kh1 Ne4 17. Qe3 Qb4 18. Rab1 Rc7 19. c3 Qe7 20. a3 f5 21. Nd4 Bc6 22. Ra1 Nc5 23. Be2 Rfc8 24. Rad1 Bd7 25. Qh3 Rb7 26. g4 g6 27. gxf5 exf5 28. Rg1 Kh8 29. Rxg6 Ne4 30. Rg2 Rf8 31. Rdg1 a5 32. Qh5 b4 33. axb4 axb4 34. Bd3 bxc3 35. bxc3 Rc7 36. Bxe4 fxe4 37. e6 Qf6 38. exd7 Rxd7 39. Qg4 Rdd8 40. Ne6 1-0

[Event "Barcelona Sant Marti op 8th"]
[Site "Barcelona"]
[Date "2019.01.24"]
[Round "2"]
[White "Lasaosa Irigoyen, Javier"]
[Black "Cros Garcia, Marc"]
[Result "1-0"]
[WhiteElo "1823"]
[BlackElo "1909"]
[PlyCount "81"]
[EventDate "2019.01.17"]
[EventType "swiss"]
[EventRounds "9"]
[EventCountry "ESP"]
[SourceTitle "CBM 189 Extra"]
[Source "ChessBase"]
[SourceDate "2019.06.03"]
[SourceVersion "1"]
[SourceVersionDate "2019.06.03"]
[SourceQuality "1"]

1. e4 e5 2. Nf3 Nc6 3. Bb5 a6 4. Ba4 Nf6 5. 0-0 b5 6. Bb3 Bc5 7. c3 d6 8. d4 Bb6 9. h3 h6 10. a4 Rb8 11. axb5 axb5 12. Na3 0-0 13. Nxb5 exd4 14. cxd4 Re8 15. Nc3 Bxd4 16. Nxd4 Nxd4 17. Bxf7+ Kxf7 18. Qxd4 c5 19. Qd3 Bb7 20. Re1 d5 21. e5 d4 22. Nb5 Kg8 23. Nd6 Rxe5 24. Rxe5 Qxd6 25. Bf4 Qc6 26. f3 Nd5 27. Rxd5 Qxd5 28. Bxb8 c4 29. Qe4 Qd7 30. Qg6 d3 31. Re1 Bc6 32. Qe6+ Qxe6 33. Rxe6 Bd5 34. Re1 Kf7 35. Be5 g5 36. Bc3 Kg6 37. Re5 Bf7 38. Re7 h5 39. g4 hxg4 40. hxg4 Bd5 41. Kf2 1-0

[Event "Barcelona Sant Marti op 8th"]
[Site "Barcelona"]
[Date "2019.01.17"]
[Round "1"]
[White "Orts Gonzalez, Rafael"]
[Black "Lasaosa Irigoyen, Javier"]
[Result "0-1"]
[WhiteElo "1071"]
[BlackElo "1823"]
[PlyCount "126"]
[EventDate "2019.01.17"]
[EventType "swiss"]
[EventRounds "9"]
[EventCountry "ESP"]
[SourceTitle "CBM 189 Extra"]
[Source "ChessBase"]
[SourceDate "2019.06.03"]
[SourceVersion "1"]
[SourceVersionDate "2019.06.03"]
[SourceQuality "1"]

1. d4 Nf6 2. Nf3 g6 3. g3 Bg7 4. Bg2 0-0 5. c4 d5 6. c5 Nc6 7. 0-0 b6 8. cxb6 axb6 9. Nc3 Bb7 10. Bf4 Nh5 11. Rb1 Nxf4 12. gxf4 Qd7 13. b4 Qf5 14. e3 Rfc8 15. Nh4 Qf6 16. Nf3 Nd8 17. Ne5 e6 18. b5 Qe7 19. a4 f6 20. Nd3 Nf7 21. Re1 Nd6 22. e4 dxe4 23. Nxe4 Nxe4 24. Bxe4 Bxe4 25. Rxe4 Qd6 26. Qb3 Re8 27. Rbe1 Kf7 28. d5 exd5 29. Rxe8 Rxe8 30. Rxe8 Kxe8 31. Kg2 Bf8 32. Kg3 Kd7 33. Nb4 Qxb4 34. Qxd5+ Qd6 35. Qf7+ Be7 36. Qxh7 g5 37. Qf5+ Kd8 38. h4 gxf4+ 39. Qxf4 Qd3+ 40. Qf3 Bd6+ 41. Kg2 Qxf3+ 42. Kxf3 Ke8 43. h5 Kf7 44. Ke4 Kg7 45. Kf5 Bc5 46. f3 Bd4 47. Kg4 Kh6 48. f4 Bc3 49. f5 Be1 50. Kf4 Kxh5 51. Ke4 Kg4 52. Kd5 Bc3 53. Ke6 Be5 54. Kd5 Kxf5 55. Kc4 Kg4 56. Kd3 Kg3 57. Ke4 Kg4 58. Ke3 f5 59. Kf2 f4 60. Kg2 f3+ 61. Kf1 Kg3 62. Kg1 Bd4+ 63. Kf1 f2 0-1

[Event "Barcelona Paredes Memorial 19th"]
[Site "Barcelona"]
[Date "2017.05.13"]
[Round "4"]
[White "Valero Recalde, Pablo"]
[Black "Lasaosa Irigoyen, Javier"]
[Result "1-0"]
[WhiteElo "1728"]
[BlackElo "1892"]
[PlyCount "37"]
[EventDate "2017.04.22"]
[EventType "swiss"]
[EventRounds "9"]
[EventCountry "ESP"]
[SourceTitle "EXT 2018"]
[Source "ChessBase"]
[SourceDate "2017.10.13"]
[SourceVersion "1"]
[SourceVersionDate "2017.10.13"]
[SourceQuality "1"]

1. d4 Nf6 2. c4 g6 3. f3 d5 4. cxd5 Nxd5 5. e4 Nb6 6. Nc3 Bg7 7. Be3 Nc6 8. Bb5 Bd7 9. Nge2 0-0 10. Qd2 a6 11. Bd3 Nb4 12. h4 h5 13. b3 Nxd3+ 14. Qxd3 a5 15. a4 Be6 16. Rb1 Nd7 17. Nf4 Ne5 18. Qd2 Qd6 19. Nb5 1-0

[Event "Barcelona Paredes Memorial 19th"]
[Site "Barcelona"]
[Date "2017.04.29"]
[Round "2"]
[White "Silva Pena, Angel David"]
[Black "Lasaosa Irigoyen, Javier"]
[Result "1-0"]
[WhiteElo "1784"]
[BlackElo "1892"]
[PlyCount "49"]
[EventDate "2017.04.22"]
[EventType "swiss"]
[EventRounds "9"]
[EventCountry "ESP"]
[SourceTitle "EXT 2018"]
[Source "ChessBase"]
[SourceDate "2017.10.13"]
[SourceVersion "1"]
[SourceVersionDate "2017.10.13"]
[SourceQuality "1"]

1. e4 e5 2. Nf3 Nc6 3. Bb5 f5 4. Nc3 Nd4 5. Bc4 Nf6 6. d3 c6 7. exf5 d5 8. Bb3 Bxf5 9. 0-0 Bg4 10. Re1 Bd6 11. Nxe5 Bxe5 12. Rxe5+ Kd7 13. f3 Qb6 14. Be3 Rae8 15. Na4 Qb4 16. a3 Nxf3+ 17. gxf3 Qd6 18. Rxe8 Rxe8 19. Qd2 Bh3 20. Bf4 Qe7 21. Bg3 b5 22. Re1 Qf7 23. Nc5+ Kc8 24. Rxe8+ Qxe8 25. Qf4 1-0

[Event "Barcelona Paredes Memorial 19th"]
[Site "Barcelona"]
[Date "2017.04.22"]
[Round "1"]
[White "Lasaosa Irigoyen, Javier"]
[Black "Perez Garcia, Adria"]
[Result "0-1"]
[WhiteElo "1892"]
[BlackElo "2167"]
[PlyCount "132"]
[EventDate "2017.04.22"]
[EventType "swiss"]
[EventRounds "9"]
[EventCountry "ESP"]
[SourceTitle "EXT 2018"]
[Source "ChessBase"]
[SourceDate "2017.10.13"]
[SourceVersion "1"]
[SourceVersionDate "2017.10.13"]
[SourceQuality "1"]

1. e4 c6 2. Nc3 d5 3. Nf3 Nf6 4. e5 Ne4 5. d4 Nxc3 6. bxc3 Bg4 7. h3 Bxf3 8. Qxf3 e6 9. Be2 c5 10. 0-0 Nc6 11. Rd1 Be7 12. Be3 Qc7 13. Qg4 g6 14. Bh6 Bf8 15. Bg5 Bg7 16. Qf4 a6 17. Qe3 Na5 18. f4 Rc8 19. c4 cxd4 20. Qxd4 Nxc4 21. Rab1 b5 22. a4 Bf8 23. Kh2 Bc5 24. Qa1 Na3 25. axb5 Nxb1 26. Qxb1 Rb8 27. Qb3 0-0 28. c4 dxc4 29. Bxc4 Rb6 30. Qd3 axb5 31. Bxb5 Be7 32. Bxe7 Qxe7 33. Qf1 Rd8 34. Rc1 Qb7 35. Be2 Rb2 36. Bf3 Qb4 37. Rc4 Qd2 38. Kg3 Rb4 39. Kh2 Kg7 40. Rxb4 Qxb4 41. g3 Qd2+ 42. Bg2 Qe3 43. Qf3 Qxf3 44. Bxf3 Rd2+ 45. Bg2 Kf8 46. g4 Rd3 47. Bf1 Ra3 48. Kg2 Ke7 49. Be2 Kd7 50. Bf3 Kc7 51. Kg3 Kb6 52. f5 Kc5 53. Kf4 Kd4 54. h4 Re3 55. fxg6 fxg6 56. Bc6 Rxe5 57. g5 Rf5+ 58. Kg4 Ke5 59. Bd7 Rf4+ 60. Kg3 Rb4 61. Be8 Kf5 62. Bd7 Rb3+ 63. Kg2 Ra3 64. Kh2 Kg4 65. Bxe6+ Kxh4 66. Bg8 Ra7 0-1

[Event "Barcelona Tres Peons op 19th"]
[Site "Barcelona"]
[Date "2017.03.08"]
[Round "9"]
[White "Lasaosa Irigoyen, Javier"]
[Black "Cabello Llopis, Joan Emili"]
[Result "1/2-1/2"]
[WhiteElo "1869"]
[BlackElo "1920"]
[PlyCount "72"]
[EventDate "2017.01.11"]
[EventType "swiss"]
[EventRounds "9"]
[EventCountry "ESP"]
[SourceTitle "EXT 2018"]
[Source "ChessBase"]
[SourceDate "2017.10.13"]
[SourceVersion "1"]
[SourceVersionDate "2017.10.13"]
[SourceQuality "1"]

1. e4 c6 2. Nc3 d5 3. Nf3 Bg4 4. d4 dxe4 5. Nxe4 Nf6 6. Nxf6+ gxf6 7. c3 e6 8. Be2 Qc7 9. h3 Bh5 10. Nh4 Bxe2 11. Qxe2 Nd7 12. g3 0-0-0 13. Be3 Nb6 14. 0-0-0 Nd5 15. Ng2 Qa5 16. Kb1 Bd6 17. Qc2 Ne7 18. Ne1 Qf5 19. g4 Qxc2+ 20. Kxc2 h5 21. Nd3 Rh7 22. Bf4 Bxf4 23. Nxf4 hxg4 24. hxg4 Rdh8 25. Rxh7 Rxh7 26. Nh5 f5 27. Nf6 Rh2 28. Rd2 Rh6 29. g5 Rh4 30. f3 Rh3 31. Rf2 Kc7 32. Kd2 Ng6 33. f4 Rh4 34. Ke3 Rh3+ 35. Kd2 Rh4 36. Ke3 Rh3+ 1/2-1/2

[Event "Barcelona Tres Peons op 19th"]
[Site "Barcelona"]
[Date "2017.01.11"]
[Round "1"]
[White "Lasaosa Irigoyen, Javier"]
[Black "Fernandez Madrid, Carlos"]
[Result "1/2-1/2"]
[WhiteElo "1869"]
[BlackElo "2119"]
[PlyCount "100"]
[EventDate "2017.01.11"]
[EventType "swiss"]
[EventRounds "9"]
[EventCountry "ESP"]
[SourceTitle "EXT 2018"]
[Source "ChessBase"]
[SourceDate "2017.10.13"]
[SourceVersion "1"]
[SourceVersionDate "2017.10.13"]
[SourceQuality "1"]

1. e4 Nf6 2. Nc3 d6 3. d4 g6 4. Bg5 c6 5. Qd2 b5 6. Bd3 Bg7 7. Nf3 Bb7 8. 0-0-0 b4 9. Ne2 a5 10. e5 Nd5 11. Nf4 h6 12. Bh4 Nxf4 13. Qxf4 g5 14. Qg4 Qd7 15. Qxd7+ Nxd7 16. Bg3 g4 17. Nh4 dxe5 18. Nf5 Bf6 19. Rhe1 Bg5+ 20. Kb1 c5 21. dxc5 Bxg2 22. Bb5 0-0-0 23. c6 Nc5 24. Bxe5 Rxd1+ 25. Rxd1 Rd8 26. Rxd8+ Kxd8 27. Bd4 Ne6 28. Bb6+ Nc7 29. Bxa5 Bf4 30. Bc4 e6 31. Nd4 Bxh2 32. Bxb4 h5 33. Bd2 Be5 34. Ne2 Bxc6 35. Ng3 Bd4 36. Nxh5 Bxf2 37. Bg5+ Kc8 38. Bf4 Nd5 39. Ba6+ Kd7 40. Be5 f5 41. c4 Nb4 42. Bb5 Bxb5 43. cxb5 Nd3 44. Bh2 e5 45. a4 e4 46. Kc2 Ne1+ 47. Kd1 Nf3 48. Bf4 Bd4 49. Ng3 Nh4 50. Bg5 Nf3 1/2-1/2

[Event "Mollet del Valles op U2300 3rd"]
[Site "Mollet del Valles"]
[Date "2012.12.09"]
[Round "8"]
[White "Centelles Vivas, Aleix"]
[Black "Lasaosa Irigoyen, Javier"]
[Result "1-0"]
[WhiteElo "1735"]
[BlackElo "1829"]
[PlyCount "87"]
[EventDate "2012.12.02"]
[EventType "swiss"]
[EventRounds "8"]
[EventCountry "ESP"]
[SourceTitle "EXT 2014"]
[Source "ChessBase"]
[SourceDate "2013.11.20"]
[SourceVersion "1"]
[SourceVersionDate "2013.11.20"]
[SourceQuality "1"]

1. d4 Nf6 2. Bg5 Ne4 3. Bf4 c5 4. f3 Nf6 5. d5 d6 6. e4 g6 7. Qd2 Qb6 8. c3 Bg7 9. Na3 h6 10. g4 Nbd7 11. h4 h5 12. g5 Nh7 13. Be2 Ne5 14. Bxe5 Bxe5 15. Nc4 Bg3+ 16. Kf1 Qc7 17. Kg2 Be5 18. Nxe5 dxe5 19. Nh3 Bxh3+ 20. Rxh3 0-0-0 21. c4 Rd6 22. a3 Rhd8 23. b4 f6 24. Rg3 fxg5 25. hxg5 Rf8 26. Qc3 h4 27. Rg4 Rf4 28. Rxf4 h3+ 29. Kh2 exf4 30. Qh8+ Kd7 31. Qxh7 Qb6 32. Qxh3+ Kc7 33. b5 Qa5 34. Qf1 Qc3 35. Rd1 Qe5 36. Qg1 b6 37. Bf1 Qb2+ 38. Kh1 Rd8 39. Bh3 Rh8 40. Qg4 Qe2 41. d6+ exd6 42. Qd7+ Kb8 43. Qxd6+ Ka8 44. Qd5+ 1-0

[Event "Pamplona op"]
[Site "Pamplona"]
[Date "2007.12.22"]
[Round "1"]
[White "Lasaosa Irigoyen, Javier"]
[Black "Lafuente, Pablo"]
[Result "0-1"]
[WhiteElo "1694"]
[BlackElo "2489"]
[PlyCount "44"]
[EventDate "2007.12.22"]
[EventType "swiss"]
[EventRounds "9"]
[EventCountry "ESP"]
[SourceTitle "CBM 121 Extra"]
[Source "ChessBase"]
[SourceDate "2008.01.10"]
[SourceVersion "1"]
[SourceVersionDate "2008.01.10"]
[SourceQuality "1"]

1. e4 c6 2. d4 d5 3. Nc3 dxe4 4. Nxe4 Bf5 5. Ng3 Bg6 6. Nf3 Nd7 7. Bd3 Bxd3 8. Qxd3 Ngf6 9. 0-0 e6 10. c4 Be7 11. Bd2 0-0 12. b4 Qc7 13. Bc3 Rfd8 14. Qc2 b5 15. Ne5 bxc4 16. Nxc4 Nd5 17. a3 Qf4 18. Rfe1 Rac8 19. Bb2 N5b6 20. Ne5 Nxe5 21. dxe5 Rd2 22. Qb3 Qxf2+ 0-1